000 00447nam a2200145 i 4500
001 49665
003 ES-MaACL
007 t|
008 030721s1923 fr ||||1| fre d
100 1 _aCotter, Arundel.
_941192
245 1 3 _aLa corporation de l'acier aux Etats-Unis /
_cpar Arundel Cotter ; traduit par André Aude.
260 _aParis :
_bVuibert,
_c1923 (
_fChartres-Durand)
300 _a238 p., 1 lám. ;
_c23 cm.
852 _aES-MaACL
_jB-4603
999 _c49665
_d49665